Text book of surveying (Record no. 9715)

000 -LEADER
fixed length control field 00462nam a2200193 4500
001 - CONTROL NUMBER
control field 9715
003 - CONTROL NUMBER IDENTIFIER
control field BD-DhUET
008 - FIXED-LENGTH DATA ELEMENTS--GENERAL INFORMATION
fixed length control field 150201b xxu||||| |||| 00| 0 eng d
040 ## - CATALOGING SOURCE
Original cataloging agency DLC
Transcribing agency DLC
Modifying agency BD-DhUET
082 ## - DEWEY DECIMAL CLASSIFICATION NUMBER
Classification number 526.9
Item number SHA/1982
100 ## - MAIN ENTRY--PERSONAL NAME
Personal name Shajahan, M.
245 ## - TITLE STATEMENT
Title Text book of surveying
250 ## - EDITION STATEMENT
Edition statement 1st ed.
260 ## - PUBLICATION, DISTRIBUTION, ETC. (IMPRINT)
Place of publication, distribution, etc. Dacca
Name of publisher, distributor, etc. Kazi Mahfuzur Rahman
Date of publication, distribution, etc. 1982
300 ## - PHYSICAL DESCRIPTION
Extent x, 367p.
Other physical details ill.
650 #0 - SUBJECT ADDED ENTRY--TOPICAL TERM
Topical term or geographic name as entry element Surveying
700 ## - ADDED ENTRY--PERSONAL NAME
Personal name Aziz, M. A.
942 ## - ADDED ENTRY ELEMENTS (KOHA)
Koha item type General Book
Holdings
Koha item type Koha date last borrowed Price effective from Copy number Withdrawn status Shelving location Koha out on loan Sublocation or collection (holding branch) Location (home branch) Date acquired Damaged status Koha date last seen Koha full call number Koha normalized classification for sorting Koha issues (times borrowed) Source of classification or shelving scheme Not for loan Lost status Piece designation (barcode)
General Book2024-11-192015-02-011 Circulation section Central Library, BUETCentral Library, BUET2015-02-01 2025-12-02526.9/SHA/1982526_900000000000000_SHA_19827   56198
General Book2024-11-192015-03-242 Circulation section2024-12-03Central Library, BUETCentral Library, BUET2015-03-24 2024-11-19526.9/SHA/1982526_900000000000000_SHA_19828   56200
Reading Item 2015-06-083 Reading section Central Library, BUETCentral Library, BUET2015-06-08 2015-06-08526.9/SHA/1982526_900000000000000_SHA_1982    56191
Reading Item 2015-06-084 Reading section Central Library, BUETCentral Library, BUET2015-06-08 2015-06-08526.9/SHA/1982526_900000000000000_SHA_1982    56195
Reading Item 2015-06-095 Reading section Central Library, BUETCentral Library, BUET2015-06-09 2015-06-09526.9/SHA/1982526_900000000000000_SHA_1982    56192
Reading Item 2015-06-136 Reading section Central Library, BUETCentral Library, BUET2015-06-13 2015-06-13526.9/SHA/1982526_900000000000000_SHA_1982    56194